La Alhambra y el Generalife : guía oficial de visita al conjunto monumental /

Guía turística para recorrer la Alhambra y la villa Generalife. Contiene un recorrido históricos por ambos espacios arquitectónicos, además de los puntos de acceso, un itinerario de visita y descripciones del estilo artístico de los distintos elementos arquitectónicos.

Spremljeno u:
Bibliografski detalji
Glavni autor: Bermúdez López, Jesús (texto)
Daljnji autori: Galera Andreu, Pedro (texto) (texto)
Format: Knjiga
Jezik:španjolski
Izdano: Granada, España : Comares : Patronato de la Alhambra y Generalife, 1998, c1998
Teme:
Oznake: Dodaj oznaku
Bez oznaka, Budi prvi tko označuje ovaj zapis!

MARC

LEADER 00000nam^a2200000^a^4500
001 000590661
005 20250521000000.0
009 20260310132913.319
020 |a 84-8151-752-6 
037 |a Acervo ITESO - Biblioteca 
041 |a ESP 
082 |a 914. 604  |b BER 
100 |a Bermúdez López, Jesús  |e (texto) 
245 1 3 |a La Alhambra y el Generalife :  |b guía oficial de visita al conjunto monumental /  |c Texto de J. Bermúdez López, P. Galera Andreu. 
264 4 |a Granada, España :  |b Comares :  |b Patronato de la Alhambra y Generalife,  |c 1998, c1998 
336 |a texto  |b txt  |2 rdacontenido 
337 |a sin mediación  |b n  |2 rdamedio 
338 |a volumen  |b nc  |2 rdasoporte 
520 |a Guía turística para recorrer la Alhambra y la villa Generalife. Contiene un recorrido históricos por ambos espacios arquitectónicos, además de los puntos de acceso, un itinerario de visita y descripciones del estilo artístico de los distintos elementos arquitectónicos. 
649 |a XX 
650 |a Palacios -  |z Granada, España 
650 |a Arquitectura Mudéjar -  |x Historia y Crítica -  |x Tema Principal 
650 |a Arquitectura Española -  |x Historia y Crítica 
650 |a Arte Mudéjar -  |x Historia y Crítica 
650 |a Arte Español -  |x Historia y Crítica 
650 |a Granada, España -  |x Descripción -  |x Guías Turísticas -  |x Tema Principal 
650 |a Andalucía, España -  |x Descripción -  |x Guías Turísticas 
650 |a España -  |x Descripción -  |x Guías Turísticas 
700 |a Galera Andreu, Pedro  |e (texto) 
910 |a Fondo Castillo-Martínez 
920 |a Impresos - Libros 
930 |a Fondos Especiales 
905 |a 127 
901 |a 591008-10  |b IT2  |c ESP  |i D  |u 20250521 
902 |a https://opac.biblio.iteso.mx/vufind/Record/000590661